LEADER 00873nam a2200205 i 4500 001 000000077178 003 CaOOAMICUS 005 20110824000000.0 008 110824s1887 it u000 u ita u 013 $a48350 040 $aSeMil$bita 100 1 $aDe Cara, Cesare Antonio.$0(OLS)http://semarc/name/37971 245 10$aDel presente stato degli studii linguistici :$besame critico /$cdel p. Cesare A. De Cara. 260 $aPrato :$bTip. Giachetti, Figlio e C.,$c1887. 300 $aXIII, 419 p. ;$c23 cm. 650 4$aLinguistica.$0(OLS)http://semarc/subject/2222 850 $aSeMil 852 $aSeMil$W1$xVenegono$y1$m1L VI 8 FA$j43330$B43330$CSeMilBibl$Z2$F167378 $8I 996 $6245$aDel presente stato degli studii linguistici :$besame critico$9(OLS)http://semarc/title/125276 996 $6260$aPrato :$bTip. Giachetti, Figlio e C.$9(OLS)http://semarc/publisher/36537 LEADER 01335nam a2200277 i 4500 001 000000007043 003 CaOOAMICUS 005 20260331163206.0 008 020325s1984 it d u000 u ita u 040 $aSeMil$bita 245 12$aDizionario delle lingue italiana e tedesca /$crealizzato dal Centro Lessicografico Sansoni, sotto la direzione di Vladimiro Macchi. 246 01$aWörterbuch der Italienischen und Deutschen sprache 250 $a2. ed. corretta e ampliata 264 1$aFirenze ; Roma :$bSansoni ;$aWiesbaden :$bBrandstetter,$c1984. 300 $a2 v. ;$c31 cm. 490 1 $aI grandi dizionari Sansoni 650 4$aLingua tedesca - Dizionari, vocabolari, glossari, etc.$0(OLS)http://semarc/subject/696 700 1 $aMacchi, Vladimiro.$0(OLS)http://semarc/name/1017 774 0 $tItaliano-Tedesco.$w()92122 774 0 $tTedesco-Italiano.$w()92121 830 2$aI grandi dizionari Sansoni.$0(OLS)http://semarc/title/1595 996 $6245$aDizionario delle lingue italiana e tedesca$9(OLS)http://semarc/title/9429 996 $6246$aWörterbuch der Italienischen und Deutschen sprache$9(OLS)http://semarc/title/458938 996 $6264$aFirenze ; Roma :$bSansoni$9(OLS)http://semarc/publisher/30106 996 $6264$aWiesbaden :$bBrandstetter$9(OLS)http://semarc/publisher/31925